Normal view
MARC view
- جونسون ،ئي.فيرنر ؛ هوركان، جوان سي مترجم، سعيد، ريا عثمان مترجم
Entry Personal Name
001 - CONTROL NUMBER
- control field: 35447
003 - CONTROL NUMBER IDENTIFIER
- control field: JO-AjAnu
005 - DATE AND TIME OF LATEST TRANSACTION
- control field: 20230606075928.0
008 - FIXED-LENGTH DATA ELEMENTS
- fixed length control field: 230606|| aca||aabn | a|a d
040 ## - CATALOGING SOURCE
- Original cataloging agency: JO-AjAnu
- Transcribing agency: JO-AjAnu
100 ## - HEADING--PERSONAL NAME
- Personal name: جونسون ،ئي.فيرنر ؛ هوركان، جوان سي مترجم، سعيد، ريا عثمان مترجم
670 ## - SOURCE DATA FOUND
- Source citation: Work cat.: (JO-AjAnu)18204: جونسون ،ئي.فيرنر ؛ هوركان، جوان سي مترجم، سعيد، ريا عثمان مترجم , author, المجاميع المتحفية واساليب خزنها